000 00342nam a2200097 4500
245 _aEliot in his time : essays on the occasion of the fiftieth anniversary of the waste land
_cedited by A. Walton Litz
710 _aLitz, A. Walton
260 _aPrinceton
_bPrinceton University Press
_cc1973
300 _a[6],196p.; 22cm.
082 _a821.91
_bELI/LIT
999 _c1666
_d1666